01629nam a2200325 a 450000100100000000500170001000800410002704000250006808200170009310000330011024500910014326000880023430000280032249000100035050400320036059000260039265000330041865000320045165000280048370000300051171000610054183000160060291000420061895201300066095201300079095201300092095201150105095201210116599900170128600001703720251120073732.0100316s1980 dr r 000 0 spa d aDO-SdBNPbspacBNPHU a460.7bA325i1 aAlba, Orlando,d1948-91642610aIntroducción al estudio de la lengua española /cOrlando Alba, Félix Fernádez. aSantiago de los Caballeros, República Dominicana :bUCMM,c1980.fAmigo del Hogar a369 p. :bil. ;c22 cm.1 aTexto aBibliografía : p. 359-362 aInventariado, 2018/BT 4aEspañolxFonética918781 4aEspañolxEnseñanza9406 4aLenguaje y lenguas94071 aFernández, Felix9113842 aPontificia Universidad Católica Madre y Maestra 9843 0aTexto98561 aValidado. Control de calidad. MMOLINA 001054708DSaGRbGRcHDd2011-11-07iLF1l0o460.7 A325ip17037-30r2020-06-25te. 3w2020-06-25yLFDSZPréstamo en sala 001054708DSaGRbGRcHDd2013-06-04iLF1l0o460.7 A325ip17037-40r2020-06-25te. 4w2020-06-25yLFDSZPréstamo en sala 001054708DSaGRbGRcHDd2013-06-04iLF1l0o460.7 A325ip17037-50r2020-06-25te. 5w2020-06-25yLFDSZPréstamo en sala 0010718PDaPDbPDcHDd2010-03-16iLF1l0o460.7 A325ip17037-10r2020-06-25w2020-06-25yLFPDZNo se presta 0010718PDaPDbPDcHDd2011-01-26iLF1l0o460.7 A325ip17037-20r2020-06-25te. 2w2020-06-25yLFPDZNo se presta c16563d16563